Statistiques concernant La République dominicaine pour les touristes... - Facile

Cliquez ici pour prendre le quiz!

Statistiques générales

  • Ce quiz a été pris 7 fois
  • Le résultat moyen est 9 sur 20

Statistiques - réponses

QuestionIndiceRéponsesIndice facile% Correct
Dans la capitale quel est le décalage horaire avec Paris ? (+ ou - et chiffre) ex - 10- 6
86%
Combien d'heures (environ) mettrez-vous pour vous y rendre ? (en chiffres)9
86%
La conduite se fait à droite ou à gauche ?Droite
86%
Quelle est la langue officielle ?Espagnol
86%
Avez-vous besoin d'un visa ? (oui/non)Non
86%
La vitesse est limitée hors des villes à{80} km/h
71%
Quel est le climat local ?TTropical
71%
Achats à faire1/ FossileAmbreBRAME
57%
La religion majoritaire estCatholicismeC
57%
Le suffixe internet estdo
57%
Quelle est la monnaie ?Peso dominicainP
57%
Achats à faire2/ HydratanteHuile de CocoCHELOIDECOU
29%
Quelles sont les principaux lieux touristiques ?RPlaya {Rincon}CONNIR
29%
Quelles sont les principaux lieux touristiques ?R S JRio San JuanAJOURNAISN
29%
Quelles sont les principaux lieux touristiques ?E LCascade d'{El Limon}LIMONEL
14%
Quelles sont les principaux lieux touristiques ?SIle de {Saona}ANOSA
14%
Le principal aéroport estL ALas Americas
14%
Achats à faire4/ Bijou dans une variété de pectolite appeléeLarimarAMIRALR
0%
Achats à faire3/ Sculpture de femmes appelée...Muneca LiméIMMACULEEN
0%
Comment se nomme la principale compagnie aérienne localeS CSky CanaKAYACSN
0%

Distribution des résultats

Percentile par nombre de réponses

% des personnes avec chaque résultat

Votre développement - résultats

Vous n’avez pas pris ce quiz